| 000 | 01113nam a2200289 4500 | ||
|---|---|---|---|
| 001 | 177440 | ||
| 003 | ES-MaACL | ||
| 005 | 20230906220329.0 | ||
| 008 | 110323s2009 sp ado |||| | spa d | ||
| 017 | _aAB-188/2009 | ||
| 020 | _a9788496800298 | ||
| 080 | _a314.742(460.288) | ||
| 245 | 0 | 0 |
_aMigraciones, nuevas realidades en la provincia de Albacete / _ccoordinadoras, Mª Fuensanta Casado Moragón y Carmen García Martínez. |
| 260 |
_aAlbacete : _bInstituto de Estudios Albacetenses "Don Juan Manuel", _c2009. |
||
| 300 |
_a264 p. : _bil. col. y n., gráf., fot. ; _c24 cm. |
||
| 490 | 1 |
_aSerie I-Estudios ; _v188 |
|
| 504 | _aReferencias bibliográficas. | ||
| 651 | 4 |
_aAlbacete (Provincia)- _xInmigración. _9145826 |
|
| 700 | 1 |
_aCasado Moragón, Fuensanta. _9145827 |
|
| 700 | 1 |
_aGarcía Martínez, Carmen. _9145828 |
|
| 710 | 2 |
_aInstituto de Estudios Albacetenses. _94884 |
|
| 830 | 0 |
_aSerie I-Estudios ; _v188 _9179228 |
|
| 852 |
_aES-MaACL _9R.145419 _jA-11072 _dOlim:N-4077 _cDEPO1 |
||
| 942 |
_2udc _cMONOGRAFIA |
||
| 999 |
_c177440 _d177440 |
||